000 nam a22 7a 4500
999 _c8732
_d8732
008 180119b ||||| |||| 00| 0 eng d
100 _aKandhari.M.M.
_95085
245 _aAbc of Environmental Studies
260 _aNew Delhi
_bHoly Faith
_c2008